Stratégia Slovenska v oblasti vedy, výskumu a inovácií
V marci 2000 Európska rada v Lisabone odsúhlasila a prijala nové politické a strategické ciele pre úniu a dohodla sa na ambicióznom cieli: urobiť z EÚ do roku 2010 najkonkurencieschopnejšiu a najdynamickejšiu poznatkovo orientovanú ekonomiku sveta, schopnú (environmentálne) trvalo udržateľného rastu...
Guardado en:
| Autor principal: | |
|---|---|
| Formato: | Capítulo de libro |
| Lenguaje: | eslovaco |
| Materias: | |
| Etiquetas: |
Sin Etiquetas, Sea el primero en etiquetar este registro!
|
MARC
| LEADER | 00000naa$a2200000$$$4500 | ||
|---|---|---|---|
| 001 | 0040886 | ||
| 005 | 20231013084320.2 | ||
| 041 | 0 | |a slo | |
| 044 | |a SK | ||
| 245 | 1 | 0 | |a Stratégia Slovenska v oblasti vedy, výskumu a inovácií |c Jana Urdziková |
| 520 | |a V marci 2000 Európska rada v Lisabone odsúhlasila a prijala nové politické a strategické ciele pre úniu a dohodla sa na ambicióznom cieli: urobiť z EÚ do roku 2010 najkonkurencieschopnejšiu a najdynamickejšiu poznatkovo orientovanú ekonomiku sveta, schopnú (environmentálne) trvalo udržateľného rastu s väčším množstvom pracovných miest a väčšou sociálnou kohéziou. Hlavné priority v oblasti vedy, výskumu a inovácií. | ||
| 610 | 2 | 0 | |a ekonomika vedomostná |
| 610 | 2 | 0 | |a veda |
| 610 | 2 | 0 | |a výskum |
| 610 | 2 | 0 | |a spolupráca vedecká medzinárodná |
| 610 | 2 | 0 | |a Európska únia |
| 610 | 2 | 0 | |a dohody medzinárodné |
| 610 | 2 | 0 | |a inovácia |
| 610 | 2 | 0 | |a konkurencieschopnosť |
| 610 | 2 | 0 | |a vzdelávanie |
| 610 | 2 | 0 | |a Slovensko |
| 100 | 1 | |a Urdziková, Jana | |